'D' Countries on a Map Quiz Stats

Quiz Updated Oct 18, 2014

Challenge
Share
Tweet
Score 0/5 Timer 00:30
12 Plays Today
% Correct
Denmark
89.7%
Dominican Republic
75.8%
Djibouti
75.4%
Democratic Republic of Congo
73.8%
Dominica
71.5%

You're not logged in!

Compare scores with friends on all Sporcle quizzes.
Sign Up with Email
OR
Log In

You Might Also Like...

Show Comments

Extras

Top Quizzes Today


Score Distribution

Your Account Isn't Verified!

In order to create a playlist on Sporcle, you need to verify the email address you used during registration. Go to your Sporcle Settings to finish the process.